| 000 | 00693cam a2200265 4500 | ||
|---|---|---|---|
| 001 | J615 | ||
| 008 | 090401t1992 xxu||||| |||| 00| 0 eng d | ||
| 035 | _a(Sirsi) u75781 | ||
| 041 | _aeng | ||
| 050 | _a332.6324 | ||
| 110 |
_aHillier Parker Research _92002 |
||
| 245 | _aProperty market values - March - November 1992 | ||
| 260 |
_aLondon _bHillier Parker May and Rowden _c1992 |
||
| 300 | _a4 pt. ; 30cm. | ||
| 350 | _a0 | ||
| 650 | _aCAPITAL VALUES | ||
| 650 | _aINDUSTRIAL PROPERTY | ||
| 650 | _aOFFICES | ||
| 650 | _aPROPERTY MARKET INDICATORS | ||
| 650 | _aRATES OF RETURN | ||
| 650 | _aSHOPS | ||
| 710 |
_aInvestors Chronicle _92657 |
||
| 942 | _n0 | ||
| 948 | _c04/03/1997 | ||
| 999 |
_c96073 _d96073 |
||